Language Quiz

Random Language Quiz
Score 0/16 Timer 05:00
0 Plays Today
meaning verb % Correct
????
100%
????
94.8%
????
91.8%
????
89.7%
????
88.7%
????
80.4%
????
80.4%
????
77.3%
meaning verb % Correct
????
75.3%
????
75.3%
????
74.2%
????
72.2%
????
70.1%
????
57.7%
????
55.7%
????
53.6%

You're not logged in!

Compare scores with friends on all Sporcle quizzes.
OR
Log In

Sporcle TV

Today on Sporcle TV


Watch our educational content, quiz creation guides, and fun videos on Sporcle TV.

Show Comments

Extras

Created Dec 19, 2012ReportNominate
Tags:category, Stem-Changing, Verb

Top Quizzes Today


Score Distribution

Paid Content

Your Account Isn't Verified!

In order to create a playlist on Sporcle, you need to verify the email address you used during registration. Go to your Sporcle Settings to finish the process.

Report this User

Report this user for behavior that violates our Community Guidelines.

Details: